000 00320nam a22001337a 4500
008 170712b xxu||||| |||| 00| 0 eng d
020 _a803928270018
041 _aeng
080 _a038
100 _a23
101 _aFJA
245 _aWEBSTER'S NEW THESAURUS OF THE ENGLISH LANGAGE
_cMARRIAM WEBSTER
942 _2udc
_cBK
999 _c20280
_d20280